| 000 | 04053cam a2200493 i 4500 | ||
|---|---|---|---|
| 999 |
_c79533 _d316810 |
||
| 001 | 846520482 | ||
| 003 | OCoLC | ||
| 005 | 20210307104939.0 | ||
| 008 | 130528s2014 paua 001 0 eng | ||
| 010 | _a2013021398 | ||
| 015 |
_aGBB357637 _2bnb |
||
| 020 | _a9781451145304 (spiral bound) | ||
| 020 | _a1451145306 (spiral bound) | ||
| 035 | _a.b37326417 | ||
| 035 |
_a(OCoLC)846520482 _z(OCoLC)837956278 _z(OCoLC)865490715 |
||
| 040 |
_aDNLM/DLC _beng _erda _cDLC _dNLM _dUKMGB _dNEH _dYDXCP |
||
| 042 | _apcc | ||
| 050 | 1 | 0 |
_aRD559 _b.O77 2014 |
| 060 | 1 | 0 | _aWE 26 |
| 060 | 0 | 0 | _a2014 A-055 |
| 082 | 0 | 0 |
_a617.574044 _223 _bORI |
| 130 | 0 |
_aSplinting the hand and upper extremity _988754 |
|
| 245 | 1 | 0 |
_aOrthotic intervention for the hand and upper extremity : _bsplinting principles and process / _c[edited by] MaryLynn Jacobs, Noelle M. Austin |
| 250 | _aSecond Edition | ||
| 264 | 1 |
_aPhiladelphia : _bWolters Kluwer Health/Lippincott Williams & Wilkins, _c[2014] |
|
| 300 |
_axix, 660 pages : _billustrations ; _c29 cm |
||
| 500 | _aPreceded by: Splinting the hand and upper extremity : principles and process / [edited by] MaryLynn A. Jacobs, Noelle M. Austin. c2003 | ||
| 500 | _aIncludes index | ||
| 504 | _aIncludes bibliographical references and index | ||
| 505 | 0 | _aConcepts of orthotic fundamentals / by MaryLynn Jacobs and Jerry Coverdale -- Anatomical principles / by Noelle M. Austin -- Tissue healing / by Richard A. Bernstein -- Mechanical principles / by Gary P. Austin -- Equipment and materials / by Noelle M. Austin -- Fabrication process / by Noelle M. Austin -- Immobilization orthoses -- Mobilization orthoses -- Restriction orthoses -- Nonarticular orthoses -- Prefabricated orthoses / by Rebecca Harris -- Casting / by Karen Schultz, updated by MaryLynn Jacobs -- Taping techniques / by Ruth Coopee -- Neoprene orthoses / by Sabrina Cassella and Jessica Griffin Scheff -- Stiffness / by Karen Schultz, updated by MaryLynn Jacobs -- Fractures / by Jennifer Stephens Chisar and Nancy Chee -- Arthritis / by MaryLynn Jacobs, Shrikant Chinchalkar, and Joey Pipicelli -- Tendon injuries / by Alexandra MacKenzie -- Peripheral nerves injuries / by MaryLynn Jacobs -- The athlete / by Kimberly Goldie Staines and Evan D. Collins -- Adult neurologic dysfunction / by Salvador Bondoc -- The pediatric patient / by Jill Peck-Murray -- Burns / by Reg Richard and Jonathan Niszczak -- The musician / by Colleen Lowe -- Hand and upper extremity transplantation / by Marie Pace and Kimberly Zeske-Maguire | |
| 520 | _a"Entry-level occupational therapists are expected to have fundamental skills in splinting theory, design, and fabrication. As occupational therapy students, they gain these skills through didactic courses, fieldwork, or observations. Orthotic Intervention of the Hand and Upper Extremity: Splinting Principles and Process, Second Edition, delivers just that. Instructors need materials to teach students how to apply theory to practice in the area of splinting. This book provides instructors with the pedagogical framework necessary to help students, inexperienced therapists, and expert hand therapists make the right decision whether to fabricate a thermoplastic or neoprene splint, cast, tape, or choose an over-the-counter splint for their patient. This detailed and easy-to-use reference demonstrates splint fabrication techniques and related interventions for the upper extremity and highlights anatomical and biomechanical principles specifically related to splints"--Provided by publisher | ||
| 650 | 0 |
_aSplints (Surgery) _988755 |
|
| 650 | 0 |
_aHand _xWounds and injuries _xTreatment _988756 |
|
| 650 | 0 |
_aArm _xWounds and injuries _xTreatment _988757 |
|
| 650 | 1 | 2 |
_aHand _988758 |
| 650 | 1 | 2 |
_aSplints _988759 |
| 650 | 2 | 2 |
_aArm Injuries _xrehabilitation _988760 |
| 650 | 2 | 2 |
_aArm _988761 |
| 650 | 2 | 2 |
_aHand Injuries _xrehabilitation _951870 |
| 650 | 2 | 2 |
_aOrthotic Devices _964577 |
| 700 | 1 |
_aJacobs, MaryLynn A., _eeditor _988762 |
|
| 700 | 1 |
_aAustin, Noelle M., _eeditor _988763 |
|
| 942 |
_2ddc _cBOOK |
||